Fenerbahçe Basketball 2010s All Squad (EuroLeague) - Statistics

General Stats
  • This quiz has been taken 34 times
  • The average score is 23 of 75
Answer Stats
Player % Correct
Melih Mahmutoğlu
100%
Jan Vesely
96%
Bogdan Bogdanovic
92%
Bojan Bogdanovic
92%
Luigi Datome
88%
Ali Muhammed
85%
Ekpe Udoh
85%
Kostas Sloukas
85%
Nicolo Melli
81%
Marko Guduric
77%
Pero Antic
73%
Nikola Kalinic
69%
Ahmet Düverioğlu
65%
Kenan Sipahi
54%
Nando De Colo
54%
Anthony Bennett
50%
Semih Erden
50%
James Nunnally
42%
Joffrey Lauvergne
42%
Oğuz Savaş
42%
Tarık Biberovic
42%
Barış Hersek
38%
Emir Preldzic
38%
Nemanja Bjelica
38%
Ömer Onan
38%
Saras Jasikevicius
38%
Berk Uğurlu
35%
Sinan Güler
35%
Luka Zoric
31%
Andrew Goudelock
27%
Brad Wanamaker
27%
Linas Kleiza
27%
Roko Ukic
27%
Romain Sato
27%
Egehan Arna
23%
Jason Thompson
23%
Metecan Birsen
23%
Ricky Hickman
23%
Bo Mccalebb
19%
Gasper Vidmar
19%
Leo Westermann
19%
Mirsad Türkcan
19%
David Andersen
15%
İlkan Karaman
15%
Kaya Peker
15%
Marko Tomas
15%
Mike Batiste
15%
Nikos Zisis
15%
Tarence Kinsey
15%
Darjus Lavrinovic
12%
Erick Green
12%
Ömer Yurtseven
12%
Thabo Sefolosha
12%
Blagota Sekulic
8%
Curtis Jerrells
8%
Derrick Williams
8%
Engin Atsür
8%
Ercan Bayrak
8%
İzzet Türkyılmaz
8%
James Gist
8%
Malcolm Thomas
8%
Maxim Mutaf
8%
Sean May
8%
Serhat Çetin
8%
Tyler Ennis
8%
Barış Ermiş
4%
Berkay Candan
4%
Erbil Eroğlu
4%
Jr Bremer
4%
Lynn Greer
4%
Uros Tripkovic
4%
Ekrem Sancaklı
0%
Ergi Tırpancı
0%
Hakan Demirel
0%
Pierre Jackson
0%
No matching quizzes found
Score Distribution
Percent of People with Each Score
Percentile by Number Answered
Your Score History
You have not taken this quiz